Intelligibility and the philosophy of nothingness (Record no. 193714)

MARC details
000 -LEADER
fixed length control field 00674nam a2200229Ia 4500
003 - CONTROL NUMBER IDENTIFIER
control field OSt
005 - DATE AND TIME OF LATEST TRANSACTION
control field 20220918192221.0
008 - FIXED-LENGTH DATA ELEMENTS--GENERAL INFORMATION
fixed length control field 220917b |||||||| |||| 00| 0 eng d
037 ## - SOURCE OF ACQUISITION
Terms of availability Textual
040 ## - CATALOGING SOURCE
Original cataloging agency ARTS
Transcribing agency ARTS
Language of cataloging eng
041 ## - LANGUAGE CODE
Source of code eng
Language code of text/sound track or separate title eng
100 ## - MAIN ENTRY--PERSONAL NAME
Personal name Nishida K
9 (RLIN) 78645
245 #0 - TITLE STATEMENT
Title Intelligibility and the philosophy of nothingness
Remainder of title three philosophical essays tr from the German by Robert Schinzinger
260 ## - PUBLICATION, DISTRIBUTION, ETC.
Place of publication, distribution, etc. Westport
Name of publisher, distributor, etc. Greenwood
Date of publication, distribution, etc. 1958
300 ## - PHYSICAL DESCRIPTION
Extent 251p.
Dimensions cm.
942 ## - ADDED ENTRY ELEMENTS (KOHA)
Classification part R3xM70x, J8
Koha item type Textual
Source of classification or shelving scheme Colon Classification (CC)
Holdings
Withdrawn status Lost status Damaged status Not for loan Home library Current library Date acquired Total Checkouts Full call number Barcode Date last seen Price effective from Koha item type
        Arts Library Arts Library 2022-09-18   R3xM70x J8 AL0527628 2022-09-18 2022-09-18 Textual
Copyright @ Delhi University Library System